[Event "Ch Europe"]
[Site "masterchessopen.com - Istanbul (Turkey)"]
[Round "1"]
[White "Vaisser Anatoly (FRA)"]
[Black "Erdogan Hakan (TUR)"]
[Result "1-0"]
[WhiteElo "2581"]
[BlackElo "2220"]

{ Vaisser Anatoli (FRA) +2 =0 -0 Erdogan Hakan (TUR) +0 =1 -2 } 1.d4 { 1 }
1...Nf6 2.c4 e6 3.Nc3 c5 4.d5 exd5 5.cxd5 d6 6.e4 g6 7.f4 Bg7 8.Bb5+ Nfd7 9.a4
( 9.Bd3 O-O 10.Nf3 b6 11.O-O Ba6 12.Nb5 Bxb5 13.Bxb5 a6 14.Be2 Ra7 15.a4 Re8
16.Nd2 Nf6 17.Bf3 Rae7 18.e5 dxe5 19.fxe5 Rxe5 20.Nc4 Rf5 21.g4 Nxg4 22.Bxg4
Bd4+ 23.Kg2 Qxd5+ 24.Kh3 Rxf1 25.Qxf1 b5 26.axb5 axb5 27.Nb6 Qc6 28.Ra7 f5 {
...1-0, Vaisser Anatoli 2490 - Boensch Uwe 2450 , Berlin 1982 Memorial
Em.Lasker } ) 9...O-O 10.Nf3 Na6 11.O-O Nc7 12.Re1 { ?/= } 12...Nxb5 ( 12...a6
13.Bf1 Re8 14.h3 Rb8 15.e5 dxe5 16.fxe5 Nxe5 17.Bf4 Nxf3+ 18.Qxf3 Bd7 19.Bc4
Rxe1+ 20.Rxe1 b5 21.axb5 axb5 22.Bxc7 Qxc7 23.Re7 Rf8 24.Bxb5 c4 25.Qf2 { 1-0,
Berg Klaus 2410 - Bachmayer Peter 2270 , Bad Woerishofen 1989 It (open) } ) (
12...Re8 13.Bf1 Rb8 14.Qc2 a6 15.a5 b5 16.axb6 Nxb6 17.Be3 Nb5 18.h3 Nxc3
19.bxc3 Rxe4 20.Bxa6 Rxe3 21.Rxe3 Nxd5 22.Re2 Bf5 23.Qd2 Nxc3 24.Ree1 Ne4
25.Qd5 Bxa1 26.Rxa1 Nf6 27.Qc4 Qb6 28.Qc3 d5 29.Be2 d4 30.Qe1 d3 31.Bf1 c4+
32.Kh2 { ...0-1, Bermejo Martinez Jorge 2121 - Oleksienko Michailo 2440 ,
Peniscola 2002 Ch Europe (juniors) (under 16) } ) 13.Nxb5 { } ( 13.axb5 Re8
14.h3 a6 15.Be3 Nb6 16.bxa6 bxa6 17.Bf2 Nc4 18.Qb3 Nb6 19.Bh4 Qc7 20.Rad1 Bd7
21.e5 c4 22.Qa3 Bf8 23.Ne4 Na4 24.Nf6+ Kg7 25.Nxe8+ Bxe8 26.e6 fxe6 27.dxe6
Be7 28.Bxe7 Qxe7 29.Rxd6 Kg8 30.Red1 Qf6 31.Ne5 c3 32.bxc3 Qxf4 { ...1-0,
Ksieski Zbigniew 2415 - Pinkas Kazimierz 2405 , Piotrkow Trybunalski 1983 Ch
Poland } ) 13...Nf6 { N } ( 13...Nb6 14.a5 Nc4 15.Qc2 Nxa5 16.e5 dxe5 17.fxe5
b6 18.e6 fxe6 19.dxe6 Bxe6 20.Rxe6 Qd7 21.Qe2 Rae8 22.Nc7 Rxe6 23.Qxe6+ Qxe6
24.Nxe6 Re8 25.Nxg7 Kxg7 26.Bd2 Nc6 27.Re1 Rxe1+ 28.Bxe1 Kf6 29.Kf2 b5 30.Ke3
Kf5 31.b4 Nxb4 32.Bxb4 cxb4 33.Nd4+ { ...1/2-1/2, Tosunoglu Karl Oemer - Lampe
Joerg 2140 , Germany 1996 Bundesliga (juniors) (North) West 1996/97 } ) 14.Nc3
b6 { ?! } ( 14...Bg4 { !? } 15.h3 Bxf3 16.Qxf3 Nd7 { } ) 15.e5 Ne8 16.e6 Qe7
17.f5 fxe6 18.Bg5 Bf6 19.Bxf6 Rxf6 20.fxe6 Bb7 21.Ng5 Rf5 { ?! } ( 21...Rf4 {
!? } 22.Nge4 Nf6 23.a5 bxa5 { } ) 22.Nf7 Qh4 { ? } ( { ? } 22...Kg7 23.Qd2 Nc7
24.Nh6 Rf6 { } ) 23.Rf1 { ? } ( { ? } 23.g3 Qh3 24.Qd2 Kg7 25.Rf1 { } )
23...Qd4+ { ? } ( 23...Rh5 { ! } 24.h3 Nc7 25.Qg4 Bxd5 { } ) 24.Kh1 Rh5 25.Qf3
Qg7 { ?! } ( 25...Nc7 { !? } 26.g4 Rh4 27.Rad1 Qg7 { } ) 26.g4 Rh4 27.e7 { ! }
( 27.Qg3 { ? } 27...g5 28.Rf5 h6 29.Raf1 { } ) 27...h5 28.Nd8 Qxe7 29.Rae1
hxg4 30.Rxe7 gxf3 31.Rxe8+ Kg7 32.Rxf3 Bc8 { } {#r} 1-0

[Event "It (open)"]
[Site "masterchessopen.com - Jyvaskyla (Finland)"]
[Round "4"]
[White "Luukkonen Tommi (FIN)"]
[Black "Kosmo Santul (FIN)"]
[Result "1-0"]
[WhiteElo "2208"]
[BlackElo "2206"]

1.d4 Nf6 2.c4 c5 3.d5 e6 4.Nc3 exd5 5.cxd5 d6 6.e4 g6 7.f4 Bg7 8.Bb5+ Nfd7
9.a4 a6 10.Bd3 Qh4+ 11.g3 Qd8 12.Nf3 O-O 13.O-O Nf6 14.Kg2 Bg4 15.h3 Bxf3+
16.Qxf3 Nbd7 17.g4 Rb8 18.e5 dxe5 19.f5 e4 20.Bxe4 Nxe4 21.Nxe4 Bd4 22.d6 Ne5
23.Qg3 Nc4 24.fxg6 hxg6 25.Bg5 Qb6 26.Nf6+ Bxf6 27.Bxf6 Qxd6 28.Qh4 Ne3+
29.Kg1 Qg3+ {#r} 1-0

[Event "Ch Lisbon (final)"]
[Site "masterchessopen.com - Lisbon (Portugal)"]
[Round "10"]
[White "Nogueira Nelson (POR)"]
[Black "Alemao Hermenegildo (POR)"]
[Result "1-0"]
[WhiteElo "2287"]
[BlackElo "2033"]

1.d4 Nf6 2.c4 e6 3.Nc3 c5 4.d5 exd5 5.cxd5 d6 6.e4 g6 7.f4 Bg7 8.Bb5+ Nfd7
9.a4 O-O 10.Nf3 Na6 11.O-O Nb4 12.Re1 a6 13.Bf1 Re8 14.Bd2 b6 15.Qb3 Bb7
16.Rad1 Qc7 17.Bc4 b5 18.axb5 Nb6 19.bxa6 Bxa6 20.Bxa6 Nxa6 21.e5 c4 22.Qb5
Nc5 23.Be3 Ncd7 24.Qc6 Rec8 25.Qxc7 Rxc7 26.Nb5 {#r} 1-0

[Event "It (open)"]
[Site "masterchessopen.com - Nisa (Yugoslavia)"]
[Round "7"]
[White "Djukic Stevan (SRB)"]
[Black "Janicijevic Dejan (SRB)"]
[Result "1-0"]
[WhiteElo "2171"]
[BlackElo "1898"]

1.d4 Nf6 2.c4 c5 3.d5 e6 4.Nc3 exd5 5.cxd5 d6 6.e4 g6 7.f4 Bg7 8.Bb5+ Nfd7
9.a4 Na6 10.Nf3 O-O 11.O-O Nc7 12.Bxd7 Bxd7 13.f5 gxf5 14.Bg5 f6 15.Bf4 Re8
16.exf5 Bxf5 17.Nh4 Be4 18.Qg4 Kh8 19.Bxd6 Qxd6 20.Nxe4 Qxd5 21.Nf5 Rg8 22.Ne7
Qd4+ 23.Kh1 f5 24.Ng6+ hxg6 25.Qh4+ {#r} 1-0

[Event "Ch Asturias"]
[Site "masterchessopen.com - Oviedo (Spain)"]
[Round "4"]
[White "Garcia Gonzalez Francisco (ESP)"]
[Black "Gonzalez Menendez Ivan (ESP)"]
[Result "1-0"]
[WhiteElo "1959"]
[BlackElo "2305"]

1.d4 Nf6 2.c4 c5 3.d5 e6 4.Nc3 exd5 5.cxd5 d6 6.e4 g6 7.f4 Bg7 8.Bb5+ Nfd7
9.a4 O-O 10.Nf3 Na6 11.O-O Nb4 12.Nd2 a6 13.Bc4 Nb6 14.a5 Nxc4 15.Nxc4 Re8
16.Ra3 Bd4+ 17.Kh1 f5 18.Rb3 fxe4 19.Rxb4 cxb4 20.Qxd4 bxc3 21.Qxc3 Bg4 22.b3
Kf7 23.Bb2 Rg8 24.Re1 Bf5 25.Qb4 Kf8 26.Be5 Rg7 27.Nxd6 Kg8 28.Bxg7 Kxg7
29.Qxb7+ Kg8 30.Nf7 Qf8 31.Ng5 Qe8 32.Qxh7+ Kf8 33.d6 {#r} 1-0

[Event "Ch Russia (team)"]
[Site "masterchessopen.com - Toljatti (Russia)"]
[Round "8"]
[White "Vitiugov Nikita (RUS)"]
[Black "Isajevsky Anton (RUS)"]
[Result "1-0"]
[WhiteElo "2458"]
[BlackElo "2432"]

1.d4 Nf6 2.c4 c5 3.d5 e6 4.Nc3 exd5 5.cxd5 d6 6.e4 g6 7.f4 Bg7 8.Bb5+ Nfd7
9.a4 O-O 10.Nf3 Nf6 11.O-O Bg4 12.e5 dxe5 13.fxe5 Nfd7 14.e6 Ne5 15.Qe1 Bxf3
16.gxf3 fxe6 17.f4 a6 18.Be2 Nf7 19.dxe6 Qd4+ 20.Kh1 Nd6 21.Bf3 Nc6 22.Be3 Qb4
23.Nd5 Qxb2 24.e7 Rf7 25.Bxc5 Ne8 26.Rb1 Qc2 27.Rc1 Qf5 28.Nb6 Rb8 29.Bd5 Nf6
30.Be6 Qd3 31.f5 g5 32.Nd7 Re8 33.Bxf7+ {#r} 1-0

[Event "Ch FEFB"]
[Site "masterchessopen.com - Amay (Belgium)"]
[Date "2003.06.07"]
[Round "5"]
[White "Uhoda Philippe (BEL)"]
[Black "Porteman Eric (BEL)"]
[Result "1-0"]
[WhiteElo "2162"]
[BlackElo "2046"]

1.d4 Nf6 2.c4 c5 3.d5 e6 4.Nc3 exd5 5.cxd5 d6 6.e4 g6 7.f4 Bg7 8.Bb5+ Nfd7
9.a4 O-O 10.Nf3 Na6 11.O-O Nb4 12.Re1 a6 13.Bf1 Re8 14.h3 b6 15.Be3 Qc7 16.Bc4
Nf6 17.e5 Nd7 18.Bf2 Bb7 19.Qb3 Rf8 20.e6 Nf6 21.Ng5 h6 22.exf7+ Rxf7 23.Nxf7
Qxf7 24.Re6 Rd8 25.Rae1 Bf8 26.Bh4 Re8 27.Bxf6 Rxe6 28.dxe6 Qxf6 29.e7+ d5
30.e8=Q Qd4+ 31.Kh1 dxc4 32.Qe6+ {#r} 1-0

[Event "Ch NRW (seniors)"]
[Site "masterchessopen.com - Beverungen (Germany)"]
[Date "2003.06.21"]
[Round "8"]
[White "Schulte-Braeucker Horst (GER)"]
[Black "Josting Friedel (GER)"]
[Result "0-1"]
[WhiteElo "2029"]
[BlackElo "2024"]

1.d4 Nf6 2.c4 e6 3.Nc3 c5 4.d5 exd5 5.cxd5 d6 6.e4 g6 7.f4 Bg7 8.Bb5+ Nfd7
9.a4 O-O 10.Nf3 Na6 11.O-O Nb4 12.Be3 Re8 13.f5 a6 14.fxg6 hxg6 15.Bc4 Ne5
16.Bg5 Nxf3+ 17.Qxf3 Qxg5 18.Qxf7+ Kh7 19.Qxe8 Bh3 {#R} 0-1

[Event "It (open)"]
[Site "masterchessopen.com - Kiel (Germany)"]
[Date "2003.07.26"]
[Round "1"]
[White "Jahncke Giso (GER)"]
[Black "Lammers Markus (GER)"]
[Result "0-1"]
[WhiteElo "1882"]
[BlackElo "2204"]

1.d4 Nf6 2.c4 c5 3.d5 e6 4.Nc3 exd5 5.cxd5 d6 6.e4 g6 7.f4 Bg7 8.Bb5+ Nfd7
9.a4 O-O 10.Nf3 Na6 11.O-O Nc7 12.Bd2 a6 13.Bd3 Rb8 14.a5 b5 15.Qe2 Re8 16.Nd1
Nxd5 17.Nc3 Nb4 18.Kh1 c4 19.Bb1 Nc5 20.e5 Bg4 21.Ne4 Nbd3 22.Nxc5 Nxc5 23.Bc3
b4 24.Bd4 Nb3 25.Qxc4 Be6 26.Qxa6 Nxa1 27.exd6 Nb3 28.Bxg7 Kxg7 29.Ng5 Nd2
30.Re1 Bc4 31.Qa7 {#R} 0-1

[Event "It (open)"]
[Site "masterchessopen.com - Kiel (Germany)"]
[Date "2003.07.26"]
[Round "2"]
[White "Meier David-Geffrey (GER)"]
[Black "Kosak Michael (GER)"]
[Result "1-0"]
[WhiteElo "2251"]
[BlackElo "2112"]

1.d4 Nf6 2.c4 c5 3.d5 e6 4.Nc3 exd5 5.cxd5 d6 6.e4 g6 7.f4 Bg7 8.Bb5+ Nfd7
9.a4 O-O 10.Nf3 Na6 11.O-O Nb4 12.a5 a6 13.Be2 f5 14.exf5 Rxf5 15.Ng5 Bd4+
16.Kh1 Nb8 17.Bg4 Rf8 18.Bxc8 Qxc8 19.Ne6 Rf7 20.Ne4 Qd7 21.Nxd4 cxd4 22.Ra4
Nd3 23.Rxd4 Nxc1 24.Qxc1 Qe7 25.Ng5 Nd7 26.Re4 Qf8 27.Nxf7 Qxf7 28.Re6 Qf8
29.Qc7 Nc5 30.Rxd6 Rc8 31.Qb6 Ne4 32.Rxg6+ {#r} 1-0

[Event "It (open)"]
[Site "masterchessopen.com - Kiel (Germany)"]
[Date "2003.07.27"]
[Round "3"]
[White "Kosak Michael (GER)"]
[Black "Lammers Markus (GER)"]
[Result "0-1"]
[WhiteElo "2112"]
[BlackElo "2204"]

1.d4 Nf6 2.c4 c5 3.d5 e6 4.Nc3 exd5 5.cxd5 d6 6.e4 g6 7.f4 Bg7 8.Bb5+ Nfd7
9.a4 O-O 10.Nf3 Na6 11.O-O Nc7 12.Bd3 a6 13.Re1 Re8 14.Ra3 Rb8 15.Rb3 c4
16.Bxc4 Nc5 17.Ra3 b5 18.b4 Nxe4 19.Rxe4 Rxe4 20.Nxe4 bxc4 21.Be3 Qe7 22.Ng3
Bb2 23.Ba7 Bxa3 24.Bxb8 Bxb4 25.f5 Ne8 26.fxg6 hxg6 27.Qe2 Qxe2 28.Nxe2 Bb7
{#R} 0-1

[Event "It (open)"]
[Site "masterchessopen.com - Dresden (Germany)"]
[Date "2003.08.02"]
[Round "9"]
[White "Neurohr Juergen (GER)"]
[Black "Wobbe Sven (GER)"]
[Result "1-0"]
[WhiteElo "2128"]
[BlackElo "2184"]

1.d4 Nf6 2.c4 e6 3.Nc3 c5 4.d5 exd5 5.cxd5 d6 6.e4 g6 7.f4 Bg7 8.Bb5+ Nfd7
9.a4 O-O 10.Nf3 a6 11.Be2 b6 12.O-O Re8 13.Bc4 Ra7 14.Kh1 f6 15.h3 Nf8 16.e5
fxe5 17.fxe5 dxe5 18.Bg5 Bf6 19.Ne4 Bxg5 20.Nfxg5 Bf5 21.g4 Bxe4+ 22.Nxe4 Nbd7
23.Qf3 Kh8 24.Nd6 Re7 25.Nf7+ Rxf7 26.Qxf7 Qa8 27.Kh2 g5 28.Qe7 Ng6 29.Qxg5 e4
30.Rf7 Nde5 {#r} 1-0

[Event "Ch France (accession)"]
[Site "masterchessopen.com - Aix les Bains (France)"]
[Date "2003.08.29"]
[Round "10"]
[White "Karr Jean-Philippe (FRA)"]
[Black "Marzolo Cyril (FRA)"]
[Result "1-0"]
[WhiteElo "2357"]
[BlackElo "2437"]

1.d4 Nf6 2.c4 e6 3.Nc3 c5 4.d5 exd5 5.cxd5 d6 6.e4 g6 7.f4 Bg7 8.Bb5+ Nfd7
9.a4 O-O 10.Nf3 f5 11.exf5 Rxf5 12.O-O Nf6 13.Ng5 Na6 14.Ne6 Bxe6 15.dxe6 Nc7
16.g4 Rd5 17.Nxd5 Nfxd5 18.f5 gxf5 19.Rxf5 Bd4+ 20.Kh1 Kh8 21.Bd3 {#r} 1-0

[Event "Czech League 2003/04 (2nd) (e)"]
[Site "masterchessopen.com - Czech Republic"]
[Date "2003.11.09"]
[Round "2"]
[White "Plsek Miroslav (CZE)"]
[Black "Dusek Lukas (CZE)"]
[Result "1-0"]
[WhiteElo "2144"]
[BlackElo "2054"]

1.d4 Nf6 2.c4 c5 3.d5 e6 4.Nc3 exd5 5.cxd5 d6 6.e4 g6 7.f4 Bg7 8.Bb5+ Nfd7
9.a4 O-O 10.Nf3 a6 11.Be2 Re8 12.O-O Bxc3 13.bxc3 Nf6 14.e5 dxe5 15.fxe5 Nxd5
16.Qb3 c4 17.Bxc4 Qb6+ 18.Qxb6 Nxb6 19.Ba2 Be6 20.Bxe6 Rxe6 21.Ng5 Re7 22.Ba3
Rd7 23.e6 fxe6 24.Rf8+ Kg7 25.Nxe6+ Kh6 26.Bc1+ g5 27.Bxg5+ Kh5 28.h3 Nd5
29.Rg8 {#r} 1-0

[Event "It (open)"]
[Site "masterchessopen.com - Litomysl (Czech Republic)"]
[Date "2003.12.26"]
[Round "1"]
[White "Stodolova Kristyna (CZE)"]
[Black "Kanovsky David (CZE)"]
[Result "0-1"]
[WhiteElo "2024"]
[BlackElo "2392"]

1.d4 Nf6 2.c4 c5 3.d5 e6 4.Nc3 exd5 5.cxd5 d6 6.e4 g6 7.f4 Bg7 8.Bb5+ Nfd7
9.a4 O-O 10.Nf3 Re8 11.Qc2 Na6 12.O-O Nb4 13.Qb1 a6 14.Bd3 Qc7 15.Nd2 b6
16.Na2 Nxd3 17.Qxd3 b5 18.Rb1 c4 19.Qg3 Nc5 20.Re1 Nd3 21.Re2 bxa4 22.Kh1 Rb8
23.h4 h5 24.f5 Bxf5 25.Re3 Bg4 26.Rxd3 Be5 27.Qe3 cxd3 28.Qxd3 Rec8 29.Nc3 a3
{#R} 0-1

[Event "It (juniors)"]
[Site "masterchessopen.com - Hallsberg (Sweden)"]
[Round "9"]
[White "Gogin Ruslan (EST)"]
[Black "Olsson Linus (SWE)"]
[Result "1-0"]
[WhiteElo "2135"]
[BlackElo "2289"]

1.d4 Nf6 2.c4 e6 3.Nc3 c5 4.d5 exd5 5.cxd5 d6 6.e4 g6 7.f4 Bg7 8.Bb5+ Nfd7
9.a4 O-O 10.Nf3 Na6 11.O-O Nc7 12.Re1 a6 13.Bf1 Re8 14.h3 Rb8 15.e5 dxe5
16.fxe5 Nxe5 17.Bf4 f6 18.Bxe5 fxe5 19.d6 Ne6 20.Qd5 b6 21.Nxe5 Bb7 22.Nc6 Qd7
23.Nxb8 {#r} 1-0

[Event "Ch France (team) 2004"]
[Site "masterchessopen.com - France"]
[Round "2"]
[White "Lautier Joel (FRA)"]
[Black "Abergel Thal (FRA)"]
[Result "1-0"]
[WhiteElo "2682"]
[BlackElo "2428"]

{ Lautier Joel (FRA) +4 =2 -2 Abergel Thal (FRA) +0 =2 -0 } 1.d4 { 1 } 1...Nf6
2.c4 c5 3.d5 e6 4.Nc3 exd5 5.cxd5 d6 6.e4 g6 7.f4 Bg7 8.Bb5+ Nfd7 9.a4 Qh4+
10.g3 Qe7 11.Nf3 O-O 12.O-O { ?/= } 12...Na6 13.Re1 ( 13.Bd2 Nb4 14.Re1 Nf6
15.Kg2 Bg4 16.h3 Bxf3+ 17.Kxf3 a6 18.Bf1 Rae8 19.a5 Qd7 20.Qb1 Re7 21.Nd1 Ne8
22.Nf2 Nc7 23.Bxb4 cxb4 24.Rd1 Nb5 25.Kg2 Nd4 26.Rd3 f5 27.Qd1 Nb5 28.Ra4 fxe4
29.Re3 Nd4 30.Rxb4 Nf5 31.Re1 e3 32.Ne4 Qc7 { ...1-0, Velikov Petar 2485 -
Skembris Spyridon 2442 , Vrnjacka Banja 1982 It (cat.8) } ) ( 13.e5 Nb4 14.Ne4
Nb6 15.Nxd6 N6xd5 16.Bd2 Bg4 17.Qb3 Rad8 18.Bc4 Nb6 19.Bxb4 cxb4 20.Bxf7+ Rxf7
21.Ng5 Rxd6 22.exd6 Bd4+ 23.Kh1 Qe8 24.h3 Bd7 25.Rae1 Qf8 26.Re7 Bc6+ 27.Kh2
Bd5 28.Qxb4 Bf6 29.Nxf7 Bxf7 30.Rxb7 Qe8 31.Re1 Qc6 32.Rc7 Qf3 { ...1-0,
Bagirov Vladimir 2505 - Malaniuk Vladimir P 2485 , Baku 1983 It (cat.8) } )
13...Nb4 ( 13...Nc7 14.Bf1 b6 15.e5 Bb7 16.Bc4 Rfd8 17.b3 b5 18.axb5 Nb6
19.Ba3 Ncxd5 20.Bxd5 dxe5 21.Nxe5 Bxd5 22.Nc6 Qd7 23.Nxd5 Nxd5 24.Nxd8 Bd4+
25.Kh1 Rxd8 26.Qd3 Qb7 27.Qf3 Qxb5 28.Rad1 Nc3 29.Rd3 Re8 30.Rxe8+ Qxe8 31.Bb2
Qe1+ 32.Kg2 Nb5 33.Bxd4 { ...0-1, Pichugin Alexandr 2381 - Gorbunov Igor 2202
, Odessa 2003 Ch Region (open) } ) 14.Bf1 Re8 ( 14...b6 15.h3 ( 15.Ra3 Bb7
16.Bc4 a6 17.h3 Rac8 18.Be3 Rfd8 19.Bf2 Qf8 20.Ra1 h6 21.Qd2 Kh7 22.Re2 Qh8
23.Rc1 b5 24.axb5 Nb6 25.b3 Ra8 26.bxa6 Bxa6 27.Bxa6 Rxa6 28.Nb5 Ra2 29.Qd1
Qe8 30.Nc3 Rxe2 31.Qxe2 Ra8 32.e5 dxe5 33.fxe5 N6xd5 34.Nxd5 { ...1-0,
Jussupow Artur 2640 - Pekarek Ales 2455 , Germany 1992 Bundesliga } ) ( 15.Bc4
Bb7 16.Qd2 { } ) 15...Ba6 16.Bxa6 Nxa6 17.Kg2 Nb4 18.Be3 a6 19.Qd2 { 1/2-1/2,
Elbilia Jacques 2349 - Abergel Thal 2279 , Clichy 2000 It (cat.4) } ) (
14...a6 15.h3 Rb8 16.Be3 Re8 17.Bf2 Qd8 18.Qd2 Nb6 19.Rad1 Na8 20.e5 Bf5 21.g4
Bc2 22.Ra1 Nc7 23.Rec1 Bb3 24.Bh4 Qd7 25.Ra3 Bxd5 26.Nxd5 Ncxd5 27.Bg3 dxe5
28.Nxe5 Bxe5 29.fxe5 Rbc8 30.a5 b5 31.axb6 Nxb6 32.Qf2 Qd4 33.Qxd4 cxd4 34.Rd1
{ ...1/2-1/2, Barbero Gerardo F 2445 - Szieberth Adam 2421 , Budapest 2000 It
(cat.8) } ) 15.Nb5 Nf6 16.e5 Nfxd5 17.Nxd6 Rd8 { } ( 17...Rf8 18.Bd2 Be6
19.Ng5 Bd7 20.Bc4 Be8 21.Nge4 b6 22.Qb3 Bc6 23.Ng5 h6 24.Ngxf7 Kh7 25.h4 Rxf7
26.Bxb4 cxb4 27.Bxd5 Bxd5 28.Qxd5 Rff8 29.Qe4 Qe6 30.h5 Kh8 31.hxg6 Qg4 32.Kg2
Rad8 33.Rad1 Rd7 34.f5 Qxe4+ 35.Rxe4 Rxf5 36.e6 Rxd6 37.Rxd6 { ...1-0,
Malaniuk Vladimir P 2505 - Fedorov Vladislav 2410 , Kusadasi 1990 It (open) }
) 18.Bd2 { N } ( 18.Qb3 Be6 19.Bc4 Nb6 20.Bxe6 Qxe6 21.Qxe6 fxe6 22.Re2 Bf8
23.a5 Bxd6 { 1/2-1/2, Malaniuk Vladimir P 2520 - Yudasin Leonid 2505 , Moscow
1988 Ch URS } ) ( 18.Bc4 Bg4 19.Ra3 Rxd6 20.exd6 Qxd6 21.Bxd5 Nxd5 22.Rd3 Bd4+
23.Kg2 Qd7 24.Qb3 Nb4 25.Rd2 Bh3+ 26.Kh1 Qc6 27.Qd1 h6 28.b3 g5 29.fxg5 hxg5
30.Rxd4 cxd4 31.Bxg5 Nc2 32.Rg1 Re8 33.g4 Re1 34.Qd3 Ne3 { 0-1, Frometa Zirka
2285 - Kertesz Alfred 2282 , Luxembourg 1987 It (open) } ) 18...h6 19.Bc4 Be6
20.Qb3 Bf8 { ?! } ( 20...b6 { !? } 21.Rad1 Kh7 22.Bxb4 Nxb4 { } ) 21.Nh4 Qd7
22.Bxb4 Nxb4 23.Nxg6 { ! } ( 23.Rad1 { } ) 23...Bxd6 24.exd6 Bxc4 25.Qxc4 Qxd6
26.Ne7+ Kf8 27.Nf5 Qc6 28.Qc3 f6 29.Rad1 Nd5 30.Rxd5 { } {#r} 1-0

[Event "Ch Vietnam"]
[Site "masterchessopen.com - Dalat City (Vietnam)"]
[Date "2004.03.12"]
[Round "1"]
[White "Duong The Anh (VIE)"]
[Black "Tran Manh Tien Vie (213)"]
[Result "1-0"]
[WhiteElo "2288"]
[BlackElo "2309"]

1.d4 Nf6 2.c4 c5 3.d5 e6 4.Nc3 exd5 5.cxd5 d6 6.e4 g6 7.f4 Bg7 8.Bb5+ Nfd7
9.a4 O-O 10.Nf3 Na6 11.O-O Nb4 12.Re1 a6 13.Bf1 Re8 14.Bd2 Nf6 15.Qb3 Bg4
16.e5 dxe5 17.fxe5 Nfxd5 18.Bg5 Qd7 19.Nxd5 Nxd5 20.Rad1 Be6 21.Bc4 h6 22.Rxd5
Bxd5 23.Bxd5 hxg5 24.e6 fxe6 25.Rxe6 Kh8 26.Nxg5 Bd4+ 27.Kh1 Rad8 28.Qh3+ Kg7
29.Qh7+ Kf8 30.Re7 {#r} 1-0

[Event "Ch Russia (juniors) (under 12)"]
[Site "masterchessopen.com - Dagomys (Russia)"]
[Round "0"]
[White "Babushkin Eduard (RUS)"]
[Black "Nozdrachev Vladislav (RUS)"]
[Result "1-0"]
[WhiteElo "2207"]
[BlackElo "2463"]

1.d4 Nf6 2.c4 c5 3.d5 e6 4.Nc3 exd5 5.cxd5 d6 6.e4 g6 7.f4 Bg7 8.Bb5+ Nfd7
9.a4 O-O 10.Nf3 a6 11.Be2 Nf6 12.O-O Re8 13.Nd2 Nbd7 14.Bf3 Rb8 15.a5 b5
16.axb6 Nxb6 17.Re1 Qc7 18.Nf1 Nfd7 19.Ne3 c4 20.e5 Nc5 21.Ne4 Nxe4 22.Bxe4
dxe5 23.f5 Qc5 24.Kh1 Qd4 25.Qf3 Nd7 26.Ng4 Rb3 27.Be3 Qxb2 28.Rf1 Rf8 29.Rab1
Qa3 30.Rxb3 Qxb3 {#r} 1-0

[Event "Ch France (team) (2) 2003/04"]
[Site "masterchessopen.com - France"]
[Date "2004.04.04"]
[Round "11"]
[White "Miraoui Karim (FRA)"]
[Black "Pailhe Lionel (FRA)"]
[Result "1-0"]
[WhiteElo "2080"]
[BlackElo "2021"]

1.d4 Nf6 2.c4 c5 3.d5 e6 4.Nc3 exd5 5.cxd5 d6 6.e4 g6 7.f4 Bg7 8.Bb5+ Nfd7
9.a4 O-O 10.Nf3 Na6 11.O-O Nc7 12.Be2 Re8 13.Nd2 Nf6 14.Bf3 Rb8 15.Nc4 b5
16.axb5 Nxb5 17.Nxb5 Rxb5 18.e5 dxe5 19.fxe5 Rb4 20.exf6 Bxf6 21.Ra4 Bd4+
22.Kh1 Rxa4 23.Qxa4 Bf2 24.Bg5 Bd7 25.Bxd8 Bxa4 26.Bf6 Bb5 27.Nd6 Bxf1 28.Nxe8
Bd4 29.d6 Bb5 30.Bxd4 {#r} 1-0

[Event "Ch World FIDE (KO-system) (active)"]
[Site "masterchessopen.com - Tripoli (Libya)"]
[Date "2004.06.20"]
[Round "1"]
[White "Harikrishna P (IND)"]
[Black "Xu Jun (CHN)"]
[Result "1-0"]
[WhiteElo "2612"]
[BlackElo "2589"]

{ } 1.d4 { 1 } 1...Nf6 2.c4 c5 3.d5 e6 4.Nc3 exd5 5.cxd5 d6 6.e4 g6 7.f4 Bg7
8.Bb5+ Nfd7 9.a4 O-O 10.Nf3 Na6 11.O-O Nc7 12.Bd3 { ?/= } 12...b6 13.Nd2 (
13.Re1 Re8 14.Be3 Ba6 15.Bf2 Qc8 16.h3 Bxd3 17.Qxd3 Na6 18.Nb5 Nb4 19.Qd2 Qb8
20.e5 dxe5 21.fxe5 Nxe5 22.Nxe5 Rxe5 23.d6 Qb7 24.Rxe5 Bxe5 25.Re1 f6 26.Nc7
Rd8 27.Rxe5 fxe5 28.Qg5 Rxd6 29.Qe7 Rd1+ 30.Kh2 Qe4 31.Ne6 Qf4+ 32.Nxf4 { 1-0,
Van Wely Loek 2617 - Panarin Michail 2430 , Internet 2003 Ch Europe (blitz) }
) 13...Nf6 14.Nc4 { N } ( 14.h3 Re8 15.Nc4 Ba6 16.Qf3 Qe7 17.e5 Bxc4 18.Bxc4
dxe5 19.Qd1 Qd8 20.fxe5 Rxe5 21.Bf4 Re8 22.Qd2 Kh8 23.Rae1 Nh5 24.Bh2 Rxe1
25.Qxe1 Ne8 26.Bb5 Nd6 27.Bc6 Rc8 28.Nb5 Nxb5 29.axb5 f5 30.d6 Qg5 31.d7 Rf8
32.Bd6 Rg8 33.Qe8 Nf6 { ...1-0, Lukacs Peter 2405 - Boensch Uwe 2450 ,
Zinnowitz 1980 Match "DDR-Hungary" } ) 14...Ba6 15.Qf3 { } 15...Bxc4 16.Bxc4
Nd7 17.Rb1 { ?! } ( 17.Be3 { !? } 17...Qe7 18.Rae1 a6 19.e5 { } ) 17...a6
18.b4 { ?! } ( 18.Be3 { !? } 18...Qe7 19.Rfe1 Rab8 20.Ra1 { } ) 18...cxb4
19.Rxb4 Rb8 20.Bd2 Re8 { ?! } ( 20...Nc5 { !? } 21.Rfb1 Bd4+ 22.Kh1 a5 { } )
21.e5 Nc5 22.e6 { ? } ( { ? } 22.Be3 Qe7 23.Bxc5 bxc5 24.Rxb8 { } ) 22...fxe6
23.dxe6 N7xe6 24.Nd5 { ?! } ( 24.f5 { !? } 24...gxf5 25.Qxf5 Kh8 26.Qg4 { } )
24...Kh8 25.Bc3 a5 26.Rbb1 Nd4 27.Qf2 { ? } ( { ? } 27.Qd1 Re4 28.Re1 Rxe1+
29.Bxe1 { } ) 27...Re4 { ?! } ( 27...Ne4 { !? } 28.Qa2 Nxc3 29.Nxc3 Nf5 { } )
28.Rfe1 Qe8 { ?! } ( 28...Qf8 { !? } 29.Kh1 Nc6 30.Qc2 Rxe1+ { } ) 29.Rbd1 Nf5
{ ?! } ( 29...Rxe1+ { !? } 30.Rxe1 Nce6 31.Nxb6 Qc6 { } ) 30.Bxg7+ Nxg7 31.Nf6
Rxe1+ 32.Rxe1 Qxa4 { ?? } ( { ? } 32...Qf8 33.Qh4 Nh5 34.Nxh5 gxh5 { } )
33.Qh4 { } {#r} 1-0

[Event "It \"]
[Site "masterchessopen.com - Copenhagen (Denmark)"]
[Date "2004.07.28"]
[Round "6"]
[White "Schmied Andreas (GER)"]
[Black "Bjerke Richard (NOR)"]
[Result "0-1"]
[WhiteElo "2093"]
[BlackElo "2262"]

1.d4 Nf6 2.c4 e6 3.Nc3 c5 4.d5 exd5 5.cxd5 d6 6.e4 g6 7.f4 Bg7 8.Bb5+ Nfd7
9.a4 O-O 10.Nf3 Na6 11.O-O Nc7 12.Bd3 a6 13.a5 b5 14.axb6 Nxb6 15.Nd2 Bd7
16.Nc4 Nxc4 17.Bxc4 Nb5 18.Nxb5 axb5 19.Rxa8 Qxa8 20.Be2 Qa2 21.Bf3 b4 22.Qd2
Rb8 23.Re1 Re8 24.Kh1 Qa5 25.b3 Bc3 26.Qd1 Bxe1 27.Qxe1 Qa1 28.Qd1 f5 29.exf5
Bxf5 30.h4 Qc3 31.Bd2 Qd4 {#R} 0-1

[Event "It (open)"]
[Site "masterchessopen.com - Schwarzach (Austria)"]
[Round "6"]
[White "Schuurman Petra (NED)"]
[Black "Grooten Herman (NED)"]
[Result "1-0"]
[WhiteElo "2333"]
[BlackElo "2391"]

1.d4 Nf6 2.c4 e6 3.Nc3 c5 4.d5 exd5 5.cxd5 d6 6.e4 g6 7.f4 Bg7 8.Bb5+ Nfd7
9.a4 Qh4+ 10.g3 Qd8 11.Nf3 O-O 12.O-O a6 13.Bc4 Nb6 14.Ba2 Bg4 15.Be3 N8d7
16.Kg2 Re8 17.h3 Bxf3+ 18.Qxf3 Rb8 19.Rae1 Nc8 20.e5 dxe5 21.Ne4 f5 22.d6+ c4
23.Bxc4+ Kh8 24.Ng5 Nxd6 25.Qd5 h6 26.Qxd6 hxg5 27.Qxg6 Qf6 28.Qh5+ {#r} 1-0

[Event "Ch SCG (team) (Premier League)"]
[Site "masterchessopen.com - Belgrade (Yugoslavia)"]
[Date "2004.10.01"]
[Round "7"]
[White "Tadic Branko (SRB)"]
[Black "Drazic Sinisa (SRB)"]
[Result "0-1"]
[WhiteElo "2474"]
[BlackElo "2495"]

1.d4 Nf6 2.c4 e6 3.Nc3 c5 4.d5 exd5 5.cxd5 d6 6.e4 g6 7.f4 Bg7 8.Bb5+ Nfd7
9.a4 O-O 10.Nf3 Na6 11.O-O Nb4 12.Re1 a6 13.Bf1 Nf6 14.f5 Ng4 15.Bf4 Re8
16.Qd2 b6 17.h3 Ne5 18.Nxe5 Bxe5 19.Ne2 Qh4 20.Ra3 Bd7 21.g3 Bxf4 22.Nxf4 Qf6
23.g4 Qe5 24.fxg6 fxg6 25.Ne6 Bxe6 26.dxe6 Qxe6 27.g5 d5 28.a5 b5 29.Bg2 Rf8
30.Rc3 c4 31.Qd4 Rad8 32.Rd1 {#R} 0-1